Municipis de la Safor - Statistics

General Stats
  • This quiz has been taken 698 times
  • The average score is 19 of 31
Answers on the Map
Answers color-coded by a green-red scale on the quiz's map according to % correct below.
 
Answer Stats
Resposta % Correct
Gandia
99%
Oliva
94%
Tavernes de la Valldigna
91%
Xeraco
90%
Xeresa
84%
Simat de la Valldigna
76%
Bellreguard
68%
Barx
67%
Daimús
66%
Piles
66%
Palma de Gandia
64%
el Real de Gandia
63%
Benifairó de la Valldigna
62%
Miramar
62%
Vilallonga
62%
Ador
61%
Palmera
59%
Guardamar de la Safor
58%
la Font d'en Carròs
55%
Potries
54%
Ròtova
52%
Benirredrà
50%
l'Alqueria de la Comtessa
47%
Rafelcofer
47%
Almoines
46%
Beniarjó
46%
Beniflà
44%
Alfauir
42%
Llocnou de Sant Jeroni
41%
Castellonet de la Conquesta
38%
Almiserà
36%
No matching quizzes found
Score Distribution
Percent of People with Each Score
Percentile by Number Answered
Your Score History
You have not taken this quiz